The Celtics best player every Season - Statistics

General Stats
  • This quiz has been taken 32 times
  • The average score is 57 of 77
Answer Stats
Season Player % Correct
1990 Larry Bird
100%
1988 Larry Bird
100%
1987 Larry Bird
100%
1986 Larry Bird
100%
1985 Larry Bird
100%
1984 Larry Bird
100%
1983 Larry Bird
100%
1982 Larry Bird
100%
1981 Larry Bird
100%
1980 Larry Bird
100%
1968 Bill Russell
97%
1967 Bill Russell
97%
1966 Bill Russell
97%
1965 Bill Russell
97%
1964 Bill Russell
97%
1963 Bill Russell
97%
1962 Bill Russell
97%
1961 Bill Russell
97%
1960 Bill Russell
97%
1959 Bill Russell
97%
1958 Bill Russell
97%
1957 Bill Russell
97%
2007 Paul Pierce
97%
2006 Paul Pierce
97%
2005 Paul Pierce
97%
2004 Paul Pierce
97%
2003 Paul Pierce
97%
2002 Paul Pierce
97%
2001 Paul Pierce
97%
2000 Paul Pierce
97%
2023 Jayson Tatum
93%
2021 Jayson Tatum
93%
2020 Jayson Tatum
93%
2013 Kevin Garnett
93%
2012 Kevin Garnett
93%
2011 Kevin Garnett
93%
2010 Kevin Garnett
93%
2009 Kevin Garnett
93%
2008 Kevin Garnett
93%
1974 John Havlicek
90%
1972 John Havlicek
90%
1971 John Havlicek
90%
1970 John Havlicek
90%
1969 John Havlicek
90%
1956 Bob Cousy
87%
1955 Bob Cousy
87%
1954 Bob Cousy
87%
1953 Bob Cousy
87%
1952 Bob Cousy
87%
1951 Bob Cousy
87%
2019 Kyrie Irving
77%
2018 Kyrie Irving
77%
2017 Isaiah Thomas
73%
2016 Isaiah Thomas
73%
1991 Kevin McHale
70%
1989 Kevin McHale
70%
1978 Dave Cowens
57%
1976 Dave Cowens
57%
1975 Dave Cowens
57%
1973 Dave Cowens
57%
1999 Antoine Walker
47%
1998 Antoine Walker
47%
1977 Jo Jo White
43%
2015 Avery Bradley
23%
2014 Avery Bradley
23%
1993 Reggie Lewis
23%
1992 Reggie Lewis
23%
1979 Cedric Maxwell
20%
1995 Dominique Wilkins
10%
1996 Dino Radja
7%
1948 Ed Sadowski
7%
1947 Connie Simmons
3%
1994 Sherman Douglas
3%
1950 Bob Kinney
0%
1997 David Wesley
0%
1949 Gene Stump
0%
2022 Jayson Tatun
0%
No matching quizzes found
Score Distribution
Percent of People with Each Score
Percentile by Number Answered
Your Score History
You have not taken this quiz